| 000 | 00347nam a2200133 4500 | ||
|---|---|---|---|
| 005 | 20260530113849.0 | ||
| 100 | 1 |
_aOscar ASENCIO _931017 |
|
| 245 | 1 | 0 | _aObras selectas |
| 264 | 1 |
_bBd Ed. de Diseño - Línea editorial _c2003 |
|
| 300 | _a120 páginas | ||
| 336 |
_atexto _2rdacontent |
||
| 337 |
_asin medio _2rdamedia |
||
| 338 |
_avolumen _2rdacarrier |
||
| 999 |
_c11379 _d11379 |
||